| 000 | 00624nam a22002297a 4500 | ||
|---|---|---|---|
| 005 | 20170124110109.0 | ||
| 010 | _aA-705483 | ||
| 020 | _c00.00 | ||
| 035 | _aA-705483 | ||
| 037 | _bCen Lib/Ret | ||
| 040 |
_aDPL _bEN |
||
| 082 |
_aN _bGHO |
||
| 100 |
_aGhosh, Zulfikar _928720 |
||
| 245 |
_aThe triple mirror of the self / _cby Zulfikar Ghosh |
||
| 260 |
_aNew Delhi _bPenguin books _c1992 |
||
| 270 |
_bNew Delhi _a210, Chiranjivi tower, 43 Nehru place |
||
| 300 |
_a343p. _c19cm(Hb) |
||
| 650 |
_aEnglish literature _928721 |
||
| 650 |
_aEnglish novel _914422 |
||
| 700 | _96348 | ||
| 942 |
_2ddc _cEN _hN _mGHO |
||
| 999 |
_c130256 _d130256 |
||